Los abisales (Registro nro. 6444)

Detalles MARC
000 -LEADER
fixed length control field 01156nam a22002897a 4500
003 - CONTROL NUMBER IDENTIFIER
control field OSt
005 - DATE AND TIME OF LATEST TRANSACTION
control field 20250414121734.0
008 - FIXED-LENGTH DATA ELEMENTS--GENERAL INFORMATION
fixed length control field 200207s2014 sp ||||jr|||| 00| fdspa d
020 ## - INTERNATIONAL STANDARD BOOK NUMBER
International Standard Book Number 9788415433422
040 ## - CATALOGING SOURCE
Original cataloging agency CO-JMCR
Language of cataloging spa
Transcribing agency CO-JMCR
041 1# - LANGUAGE CODE
Language code of text/sound track or separate title spa
Language code of original eng
082 ## - DEWEY DECIMAL CLASSIFICATION NUMBER
Classification number A-N
Item number FALa1
100 1# - MAIN ENTRY--PERSONAL NAME
Personal name Falls, Kat
Relator term autora
9 (RLIN) 50
245 14 - TITLE STATEMENT
Title Los abisales
Statement of responsibility, etc. Kat Falls ; traducción de Ana María Sánchez
250 ## - EDITION STATEMENT
Edition statement Primera edición
260 ## - PUBLICATION, DISTRIBUTION, ETC.
Place of publication, distribution, etc. Madrid :
Name of publisher, distributor, etc. Pámies,
Date of publication, distribution, etc. 2014
300 ## - PHYSICAL DESCRIPTION
Extent 302 páginas ;
Dimensions 23 cm.
500 ## - GENERAL NOTE
General note Incluye datos biográficos de la autora en la solapa
500 ## - GENERAL NOTE
General note "Una civilización en las profundidades del mar"--tapa
500 ## - GENERAL NOTE
General note Título original: Dark life
520 ## - SUMMARY, ETC.
Summary, etc. Una cadena de terremotos ha sacudido la Tierra y regiones enteras han quedado sumergidas bajo el agua. Los humanos viven ahora hacinados en ciudades. Los únicos que poseen un espacio propio son los habitantes del lecho marino, los Abisales.
546 ## - LANGUAGE NOTE
Language note Traducido del inglés
650 14 - SUBJECT ADDED ENTRY--TOPICAL TERM
Topical term or geographic name entry element Novela juvenil
9 (RLIN) 240
650 14 - SUBJECT ADDED ENTRY--TOPICAL TERM
Topical term or geographic name entry element Colonias submarinas
Form subdivision novela juvenil
9 (RLIN) 241
700 1# - ADDED ENTRY--PERSONAL NAME
Personal name Sánchez, Ana María,
Relator term traductora
9 (RLIN) 242
942 ## - ADDED ENTRY ELEMENTS (KOHA)
Source of classification or shelving scheme Dewey Decimal Classification
Koha item type Books
Existencias
Withdrawn status Lost status Source of classification or shelving scheme Damaged status Not for loan Home library Current library Date acquired Source of acquisition Total Checkouts Total Renewals Full call number Barcode Date last seen Date last checked out Copy number Price effective from Koha item type
    Dewey Decimal Classification     Biblioteca Pública José María del Castillo y Rada Biblioteca Pública José María del Castillo y Rada 02/07/2020 Donación 5 3 A-N FALa1 201809678 09/19/2024 09/16/2024 Ej.1 02/07/2020 Books